000 00564nam a22001817a 4500
005 20150731125117.0
010 _aENG-113120
020 _a9789384878337
_c150.00
035 _aEN-96652
037 _bDBAD/PUB
082 _aS
100 _aSheshashayee, Abhimanyu
245 _aThat sounded good when i first thought of it :
_ba collection of short stories /
_cby Abhimanyu Sheshashayee
260 _aChennai
_bNotion Press
_c2015
270 _a5 Muthu Kalathy Street, Triplicane,
_bChennai
_e600005
300 _avi,108p.
_c21cm(pbk)
942 _2ddc
_cEN
_mSHE
_hS
999 _c93762
_d93762